<?xml version="1.0" encoding="UTF-8"?>
<collection xmlns="http://www.loc.gov/MARC21/slim">
 <record>
  <leader>04714cam a2200937   4500</leader>
  <controlfield tag="001">1610999258</controlfield>
  <controlfield tag="003">DE-627</controlfield>
  <controlfield tag="005">20230124175200.0</controlfield>
  <controlfield tag="007">tu</controlfield>
  <controlfield tag="008">130924s2014    xxu|||||      00| ||eng c</controlfield>
  <datafield tag="010" ind1=" " ind2=" ">
   <subfield code="a">  2013026637</subfield>
  </datafield>
  <datafield tag="020" ind1=" " ind2=" ">
   <subfield code="a">9780271060798</subfield>
   <subfield code="c"> : cloth : alk. paper</subfield>
   <subfield code="9">978-0-271-06079-8</subfield>
  </datafield>
  <datafield tag="035" ind1=" " ind2=" ">
   <subfield code="a">(DE-627)1610999258</subfield>
  </datafield>
  <datafield tag="035" ind1=" " ind2=" ">
   <subfield code="a">(DE-576)414587243</subfield>
  </datafield>
  <datafield tag="035" ind1=" " ind2=" ">
   <subfield code="a">(DE-599)GBV768485657</subfield>
  </datafield>
  <datafield tag="035" ind1=" " ind2=" ">
   <subfield code="a">(OCoLC)886637142</subfield>
  </datafield>
  <datafield tag="035" ind1=" " ind2=" ">
   <subfield code="a">(OCoLC)886637142</subfield>
  </datafield>
  <datafield tag="040" ind1=" " ind2=" ">
   <subfield code="a">DE-627</subfield>
   <subfield code="b">ger</subfield>
   <subfield code="c">DE-627</subfield>
   <subfield code="e">rda</subfield>
  </datafield>
  <datafield tag="041" ind1=" " ind2=" ">
   <subfield code="a">eng</subfield>
  </datafield>
  <datafield tag="044" ind1=" " ind2=" ">
   <subfield code="c">XD-US</subfield>
  </datafield>
  <datafield tag="050" ind1=" " ind2="0">
   <subfield code="a">ND3359.B47</subfield>
  </datafield>
  <datafield tag="082" ind1="0" ind2=" ">
   <subfield code="a">745.6/70943595</subfield>
   <subfield code="q">LOC</subfield>
   <subfield code="2">23</subfield>
  </datafield>
  <datafield tag="082" ind1="0" ind2="4">
   <subfield code="a">740</subfield>
   <subfield code="a">090</subfield>
   <subfield code="a">230</subfield>
   <subfield code="q">DNB</subfield>
  </datafield>
  <datafield tag="084" ind1=" " ind2=" ">
   <subfield code="a">9,10</subfield>
   <subfield code="2">ssgn</subfield>
  </datafield>
  <datafield tag="084" ind1=" " ind2=" ">
   <subfield code="a">GB 2964</subfield>
   <subfield code="q">BVB</subfield>
   <subfield code="2">rvk</subfield>
   <subfield code="0">(DE-625)rvk/38132:</subfield>
  </datafield>
  <datafield tag="084" ind1=" " ind2=" ">
   <subfield code="a">06.11</subfield>
   <subfield code="2">bkl</subfield>
  </datafield>
  <datafield tag="084" ind1=" " ind2=" ">
   <subfield code="a">06.19</subfield>
   <subfield code="2">bkl</subfield>
  </datafield>
  <datafield tag="084" ind1=" " ind2=" ">
   <subfield code="a">11.50</subfield>
   <subfield code="2">bkl</subfield>
  </datafield>
  <datafield tag="084" ind1=" " ind2=" ">
   <subfield code="a">20.27</subfield>
   <subfield code="2">bkl</subfield>
  </datafield>
  <datafield tag="084" ind1=" " ind2=" ">
   <subfield code="a">15.33</subfield>
   <subfield code="2">bkl</subfield>
  </datafield>
  <datafield tag="100" ind1="1" ind2=" ">
   <subfield code="a">Kingsley, Jennifer P.</subfield>
   <subfield code="d">1978-</subfield>
   <subfield code="e">VerfasserIn</subfield>
   <subfield code="0">(DE-588)1072635615</subfield>
   <subfield code="0">(DE-627)827927290</subfield>
   <subfield code="0">(DE-576)43411555X</subfield>
   <subfield code="4">aut</subfield>
  </datafield>
  <datafield tag="245" ind1="1" ind2="4">
   <subfield code="a">The Bernward Gospels</subfield>
   <subfield code="b">art, memory, and the episcopate in medieval Germany</subfield>
   <subfield code="c">Jennifer P. Kingsley</subfield>
  </datafield>
  <datafield tag="264" ind1=" " ind2="1">
   <subfield code="a">University Park, Pennsylvania</subfield>
   <subfield code="b">The Pennsylvania State University Press</subfield>
   <subfield code="c">[2014]</subfield>
  </datafield>
  <datafield tag="300" ind1=" " ind2=" ">
   <subfield code="a">ix, 195 Seiten , 18 ungezählte Seiten Bildtafeln</subfield>
   <subfield code="b">Illustrationen</subfield>
   <subfield code="c">27 cm</subfield>
  </datafield>
  <datafield tag="336" ind1=" " ind2=" ">
   <subfield code="a">Text</subfield>
   <subfield code="b">txt</subfield>
   <subfield code="2">rdacontent</subfield>
  </datafield>
  <datafield tag="337" ind1=" " ind2=" ">
   <subfield code="a">ohne Hilfsmittel zu benutzen</subfield>
   <subfield code="b">n</subfield>
   <subfield code="2">rdamedia</subfield>
  </datafield>
  <datafield tag="338" ind1=" " ind2=" ">
   <subfield code="a">Band</subfield>
   <subfield code="b">nc</subfield>
   <subfield code="2">rdacarrier</subfield>
  </datafield>
  <datafield tag="500" ind1=" " ind2=" ">
   <subfield code="a">Literaturverz. S. [161] - 184</subfield>
  </datafield>
  <datafield tag="505" ind1="8" ind2="0">
   <subfield code="a">MemoryService -- Sight -- Touch.</subfield>
  </datafield>
  <datafield tag="520" ind1=" " ind2=" ">
   <subfield code="a">&quot;An interpretive study of the pictorial program of the Ottonian Bernward Gospels. Examines how the manuscript conditioned contemporary and future viewers to remember early medieval Bishop Bernward of Hildesheim&quot;--Provided by publisher</subfield>
  </datafield>
  <datafield tag="600" ind1="1" ind2="0">
   <subfield code="a">Bernward</subfield>
   <subfield code="c">Bishop of Hildesheim</subfield>
   <subfield code="d">approximately 960-1022</subfield>
  </datafield>
  <datafield tag="610" ind1="1" ind2="0">
   <subfield code="a">Catholic Church</subfield>
   <subfield code="x">Liturgy</subfield>
   <subfield code="x">Texts</subfield>
   <subfield code="v">Illustrations</subfield>
  </datafield>
  <datafield tag="610" ind1="1" ind2="0">
   <subfield code="a">Diözesan-Museum Hildesheim</subfield>
  </datafield>
  <datafield tag="630" ind1="2" ind2="0">
   <subfield code="a">Bible</subfield>
   <subfield code="p">Gospels</subfield>
   <subfield code="x">Illustrations</subfield>
  </datafield>
  <datafield tag="630" ind1="2" ind2="0">
   <subfield code="a">Bernward Gospels</subfield>
   <subfield code="x">Illustrations</subfield>
  </datafield>
  <datafield tag="650" ind1=" " ind2="0">
   <subfield code="a">Evangeliaries</subfield>
   <subfield code="z">Germany</subfield>
   <subfield code="z">Hildesheim</subfield>
   <subfield code="x">Illustrations</subfield>
  </datafield>
  <datafield tag="650" ind1=" " ind2="0">
   <subfield code="a">Christian art and symbolism</subfield>
   <subfield code="z">Germany</subfield>
   <subfield code="z">Hildesheim</subfield>
   <subfield code="y">Medieval, 500-1500</subfield>
  </datafield>
  <datafield tag="650" ind1=" " ind2="0">
   <subfield code="a">Illumination of books and manuscripts, Ottonian</subfield>
   <subfield code="z">Germany</subfield>
   <subfield code="z">Hildesheim</subfield>
  </datafield>
  <datafield tag="655" ind1=" " ind2="7">
   <subfield code="a">Bildband</subfield>
   <subfield code="0">(DE-588)4145395-5</subfield>
   <subfield code="0">(DE-627)104450835</subfield>
   <subfield code="0">(DE-576)209741139</subfield>
   <subfield code="2">gnd-content</subfield>
  </datafield>
  <datafield tag="689" ind1="0" ind2="0">
   <subfield code="d">u</subfield>
   <subfield code="0">(DE-588)4308864-8</subfield>
   <subfield code="0">(DE-627)123820146</subfield>
   <subfield code="0">(DE-576)211109991</subfield>
   <subfield code="a">Bernward-Evangeliar</subfield>
   <subfield code="2">gnd</subfield>
  </datafield>
  <datafield tag="689" ind1="0" ind2=" ">
   <subfield code="5">DE-101</subfield>
  </datafield>
  <datafield tag="689" ind1="1" ind2="0">
   <subfield code="d">p</subfield>
   <subfield code="0">(DE-588)118510029</subfield>
   <subfield code="0">(DE-627)079313698</subfield>
   <subfield code="0">(DE-576)176753001</subfield>
   <subfield code="a">Bernward</subfield>
   <subfield code="c">Hildesheim, Bischof, Heiliger</subfield>
   <subfield code="d">960-1022</subfield>
   <subfield code="2">gnd</subfield>
  </datafield>
  <datafield tag="689" ind1="1" ind2="1">
   <subfield code="d">u</subfield>
   <subfield code="0">(DE-588)4308864-8</subfield>
   <subfield code="0">(DE-627)123820146</subfield>
   <subfield code="0">(DE-576)211109991</subfield>
   <subfield code="a">Bernward-Evangeliar</subfield>
   <subfield code="2">gnd</subfield>
  </datafield>
  <datafield tag="689" ind1="1" ind2="2">
   <subfield code="d">b</subfield>
   <subfield code="0">(DE-588)2098278-1</subfield>
   <subfield code="0">(DE-627)100711944</subfield>
   <subfield code="0">(DE-576)192969099</subfield>
   <subfield code="a">Diözesanmuseum Hildesheim</subfield>
   <subfield code="2">gnd</subfield>
  </datafield>
  <datafield tag="689" ind1="1" ind2="3">
   <subfield code="a">z</subfield>
   <subfield code="2">gnd</subfield>
   <subfield code="a">Geschichte</subfield>
  </datafield>
  <datafield tag="689" ind1="1" ind2=" ">
   <subfield code="5">(DE-627)</subfield>
  </datafield>
  <datafield tag="689" ind1="2" ind2="0">
   <subfield code="d">u</subfield>
   <subfield code="0">(DE-588)1027337155</subfield>
   <subfield code="0">(DE-627)728916983</subfield>
   <subfield code="0">(DE-576)372870643</subfield>
   <subfield code="a">Bernward-Psalter</subfield>
   <subfield code="2">gnd</subfield>
  </datafield>
  <datafield tag="689" ind1="2" ind2=" ">
   <subfield code="5">(DE-627)</subfield>
  </datafield>
  <datafield tag="689" ind1="3" ind2="0">
   <subfield code="d">u</subfield>
   <subfield code="0">(DE-588)4308864-8</subfield>
   <subfield code="0">(DE-627)123820146</subfield>
   <subfield code="0">(DE-576)211109991</subfield>
   <subfield code="a">Bernward-Evangeliar</subfield>
   <subfield code="2">gnd</subfield>
  </datafield>
  <datafield tag="689" ind1="3" ind2=" ">
   <subfield code="5">(DE-627)</subfield>
  </datafield>
  <datafield tag="700" ind1="0" ind2=" ">
   <subfield code="a">Bernward</subfield>
   <subfield code="c">Hildesheim, Bischof, Heiliger</subfield>
   <subfield code="d">960-1022</subfield>
   <subfield code="e">AuftraggeberIn</subfield>
   <subfield code="0">(DE-588)118510029</subfield>
   <subfield code="0">(DE-627)079313698</subfield>
   <subfield code="0">(DE-576)176753001</subfield>
   <subfield code="4">pat</subfield>
  </datafield>
  <datafield tag="787" ind1="0" ind2="8">
   <subfield code="i">Rezensiert in</subfield>
   <subfield code="a">Vennebusch, Jochen Hermann, 1986 - </subfield>
   <subfield code="t">[Rezension von: Jennifer P. Kingsley, The Bernward Gospels, art, memory, and the episcopate in Medieval Germany]</subfield>
   <subfield code="d">Regensburg : Verlag Schnell &amp; Steiner, 2017</subfield>
   <subfield code="w">(DE-627)1748303848</subfield>
  </datafield>
  <datafield tag="856" ind1="4" ind2="2">
   <subfield code="u">http://d-nb.info/1058508881/04</subfield>
   <subfield code="m">B:DE-101</subfield>
   <subfield code="q">pdf/application</subfield>
   <subfield code="v">20150624112601</subfield>
   <subfield code="x">Verlag</subfield>
   <subfield code="3">Inhaltsverzeichnis</subfield>
  </datafield>
  <datafield tag="889" ind1=" " ind2=" ">
   <subfield code="w">(DE-627)768485657</subfield>
  </datafield>
  <datafield tag="935" ind1=" " ind2=" ">
   <subfield code="i">mdedup</subfield>
  </datafield>
  <datafield tag="936" ind1="r" ind2="v">
   <subfield code="a">GB 2964</subfield>
   <subfield code="b">Schriftlicher Ausdruck, Aufsatz, Aufsatzbeurteilung; Textproduktion, Schreibdidaktik</subfield>
   <subfield code="k">Deutschunterricht</subfield>
   <subfield code="k">Sprachunterricht</subfield>
   <subfield code="k">Schriftlicher Ausdruck, Aufsatz, Aufsatzbeurteilung; Textproduktion, Schreibdidaktik</subfield>
   <subfield code="0">(DE-627)1270643606</subfield>
   <subfield code="0">(DE-625)rvk/38132:</subfield>
   <subfield code="0">(DE-576)200643606</subfield>
  </datafield>
  <datafield tag="936" ind1="b" ind2="k">
   <subfield code="a">06.11</subfield>
   <subfield code="j">Abendländische Handschriftenkunde: Allgemeines</subfield>
   <subfield code="0">(DE-627)106403664</subfield>
  </datafield>
  <datafield tag="936" ind1="b" ind2="k">
   <subfield code="a">06.19</subfield>
   <subfield code="j">Handschriftenkunde: Sonstiges</subfield>
   <subfield code="0">(DE-627)106403389</subfield>
  </datafield>
  <datafield tag="936" ind1="b" ind2="k">
   <subfield code="a">11.50</subfield>
   <subfield code="j">Kirchengeschichte</subfield>
   <subfield code="j">Dogmengeschichte</subfield>
   <subfield code="0">(DE-627)106403877</subfield>
  </datafield>
  <datafield tag="936" ind1="b" ind2="k">
   <subfield code="a">20.27</subfield>
   <subfield code="j">Bibel</subfield>
   <subfield code="x">Ikonographie</subfield>
   <subfield code="0">(DE-627)106421239</subfield>
  </datafield>
  <datafield tag="936" ind1="b" ind2="k">
   <subfield code="a">15.33</subfield>
   <subfield code="j">Hoch- und Spätmittelalter</subfield>
   <subfield code="0">(DE-627)181571560</subfield>
  </datafield>
  <datafield tag="951" ind1=" " ind2=" ">
   <subfield code="a">BO</subfield>
  </datafield>
  <datafield tag="990" ind1=" " ind2=" ">
   <subfield code="a">Bernward-Evangeliar</subfield>
  </datafield>
  <datafield tag="990" ind1=" " ind2=" ">
   <subfield code="a">Bernward &lt;Hildesheim, Bischof, Heiliger&gt; </subfield>
  </datafield>
  <datafield tag="990" ind1=" " ind2=" ">
   <subfield code="a">Bernward-Evangeliar</subfield>
  </datafield>
  <datafield tag="990" ind1=" " ind2=" ">
   <subfield code="a">Diözesanmuseum Hildesheim</subfield>
  </datafield>
  <datafield tag="990" ind1=" " ind2=" ">
   <subfield code="a">Geschichte</subfield>
  </datafield>
  <datafield tag="990" ind1=" " ind2=" ">
   <subfield code="a">Bernward-Psalter</subfield>
  </datafield>
  <datafield tag="990" ind1=" " ind2=" ">
   <subfield code="a">Bernward-Evangeliar</subfield>
  </datafield>
  <datafield tag="991" ind1=" " ind2=" ">
   <subfield code="a">Rezensiertes Werk</subfield>
  </datafield>
  <datafield tag="999" ind1=" " ind2=" ">
   <subfield code="a">KXP-PPN1610999258</subfield>
   <subfield code="e">4113004404</subfield>
  </datafield>
 </record>
</collection>
